| 000 | 00683nam a2200205 a 4500 | ||
|---|---|---|---|
| 001 | 000029585 | ||
| 003 | DO-SdBNP | ||
| 005 | 20240304103305.0 | ||
| 007 | ta | ||
| 008 | 110419s1967 dr 000 0 spa d | ||
| 040 |
_aDO-SdBNP _bspa _cBNPHU |
||
| 082 |
_222 _axxx _bR311 |
||
| 110 | 1 |
_aRepública Dominicana. _b Secretaría de Estado de Medio Ambiente y Recursos Naturales _914503 |
|
| 245 | 1 | 0 |
_aReconocimiento y evaluación de los recursos naturales de la República Dominicana : _bdescripción de los suelos |
| 260 |
_aWashington : _bUnión Panamericana, _c1967. |
||
| 300 |
_a169 p. ; _bil. ; _c28 cm. |
||
| 590 | _aInventariado, 2022 / DG | ||
| 910 | _aDG | ||
| 942 |
_2ddc _cLBS1 |
||
| 999 |
_c52698 _d52698 |
||